1081 1336 1550 1655 1867 1944 1141 1336 1607 1586 1812 1374 1545 1436 1637 1407 1585 1767 1910 1792 1166 1589 1595 1195 1761 1705 1666 1570 1584 1944 1806 1939 1093 1526 1126 1780 1053 1599 1293 1851 1575 1627 1635 1451 1203 1440 1746 1400 1084 1843 1244 1502 1992 1946 1896 1339 1352 1711 1163 1206 1558 1376 1024 1143 1702 1318 1609 1244 1922 1885 1987 1287 1191 1326 1160 1722 1177 1021 1873 1310 1150 1521 1450 1359 1955 1188 1467 1280 1474 1012 1137 1352 1831 1516 1538 1278 1456 1448 1564 BCNSPRNW ULIB Ver.6.0+V

เปลี่ยนเป็นภาษาไทย

Change to English
 แสดงรายละเอียดบรรณานุกรม
  กลับหน้าหลัก

Brief Record : Get Marc (ISO 2709) : E-mail record : QR code < ปิดหน้าต่าง
LEADER : 00000nam 2200000uu 4500
001    13399111916
003     ULIB
008    110627s2553||||th 000 0 tha d
020    9786160600878
090    นว.^bว859ค 2553
100 0  วีสาม
245 00 ความรู้สึกดีที่เรียกว่ารัก : เรื่องรักระหว่างใจ/^cวีสาม
250    พิมพ์ครั้งที่ 2
260    กรุงเทพฯ :^bแจ่มใส,^c2553
300    281 หน้า
710 1  แจ่มใส
945    ^p199^l0^i028068
995    ทศพร
999 ^a ใช้งานได้ทุกระบบ
รายการนี้ยังไม่มีแท็ก
คุณยังไม่ได้ล็อกอิน คุณสามารถมีกิจกรรมร่วมกับเว็บไซต์ได้ แต่ต้องล็อกอินก่อน ::
  ล็อกอิน

รายการสื่อสารสนเทศ

ลำดับที่ ประเภท เลขเรียก/บาร์โค้ด สถานที่ สถานะ
- ไม่พบข้อมูล -

รายการใกล้เคียง
    ผู้แต่ง [วีสาม]

BibComment


ยังไม่เคยถูกคอมเมนท์

คอมเมนท์ทรัพยากรรายการนี้
  คอมเมนท์: ความรู้สึกดีที่เร..


 Copyright 2026. Bcnsprnw @Library